000 00725nam a2200229Ii 4500
003 JO-AjNU
008 230605s9999||||xx |||||||||||||| ||und||
017 _a2009/13753
020 _a978-977-276-581-4
040 _aJO-AjNU
_bara
_erda
_cJO-AjNU
041 _aara
050 1 4 _aHF5415.2009
100 3 _aحافظ، محمد عبده,
_eauthor
_944021
245 0 0 _aالتسويق السلعي
250 _aط1
264 3 1 _aالقاهرة:المكتب العربي للمعارف؛2009
300 _a553ص
_bيحتوي على ببلوغرافية من ص529-553ص
336 _atext
_btxt
_2rdacontent
337 _aunmediated
_bn
_2rdamedia
338 _avolume
_bnc
_2rdacarrier
650 4 _aالتسويق
_944022
999 _aA18971
_c22539
_d22539